Greece, financialization and the EU : the political economy of debt and destruction
Αποθηκεύτηκε σε:
| Κύριος συγγραφέας: | |
|---|---|
| Άλλοι συγγραφείς: | |
| Μορφή: | Βιβλίο |
| Γλώσσα: | English |
| Δημοσίευση: |
New York :
Palgrave, Macmillan,
2013.
|
| Σειρά: | International political economy series
|
| Θέματα: | |
| Ετικέτες: |
Προσθήκη ετικέτας
Δεν υπάρχουν, Καταχωρήστε ετικέτα πρώτοι!
|
MARC
| LEADER | 00000cam a2200000 i 4500 | ||
|---|---|---|---|
| 001 | 1/57472 | ||
| 008 | 141003s2013 nyu| ||| |||| ||eng|| | ||
| 020 | |a 9781137273444 |q (σκληρό εξώφυλλο) | ||
| 035 | |l 10119355 | ||
| 040 | |a GR-MyUa |b gre |e AACR2 | ||
| 041 | 0 | |a eng | |
| 082 | 7 | |a 330.9495 |2 (23) | |
| 100 | 1 | |a Fouskas, Vassilis K., |d 1963- | |
| 245 | 1 | 0 | |a Greece, financialization and the EU : |b the political economy of debt and destruction / |c Vassilis K. Fouskas, Constantine Dimoulas. |
| 260 | |a New York : |b Palgrave, Macmillan, |c 2013. | ||
| 300 | |a xxv, 245 σ.; |c 22 εκ. | ||
| 490 | 1 | |a (International political economy series) | |
| 504 | |a Βιβλιογραφία: σ. 226-236. Ευρετήριο. | ||
| 610 | 2 | 0 | |a European Union |z Greece. |
| 650 | 0 | |a Fiscal policy |z Greece. | |
| 650 | 0 | |a Debts, Public |z Greece. | |
| 650 | 0 | |a Financialization |z Greece. | |
| 650 | 0 | |a Financialization |z European Union countries. | |
| 651 | 0 | |a Greece |x Economic policy |y 21st century. | |
| 651 | 0 | |a Greece |x Economic conditions |y 21st century. | |
| 700 | 1 | |a Δημουλάς, Κωνσταντίνος. | |
| 767 | 0 | 8 | |i Μεταφρασμένο ως: |t Ελλάδα, παγκοσμιοποίηση και Ευρωπαϊκή Ένωση : |
| 830 | 0 | |a International political economy series | |
| 852 | |a INST |b RHODES |e 20141003 |h 330.9495 FOU |p 005400036949 |q 005400036949 |t BK |y 0 | ||
| 901 | |a BIBL4-2014-3 | ||
| 922 | |a 4ΕΛΗ |b 201405 |c ΤΑΚ/ΤΜΣ |d Διαδρομές | ||
| 970 | |z 2014/10/03 | ||